000 00546nam a2200217Ia 4500
003 OSt
005 20220918214041.0
006 a|||||r|||| 00| 0
007 ta
008 220917b |||||||| |||| 00| 0 eng d
024 _a135,661
037 _cTextual
040 _aARTS
_cARTS
_beng
041 _2eng
_aeng
082 _aX9.1(Y:4), K9(906)
245 0 _aIndustrialization and productivity
260 _aNA
_bNA
_c1969
650 _aECONOMICS
942 _hX9.1(Y:4), K9(906)
_cTEXL
_2CC
999 _c258753
_d258753